Bulgaria : 2008 Article IV Consultation; Staff Report; Staff Statement; Public Information Notice on the Executive Board Discussion; and Statement by the Executive Director for Bulgaria.

This 2008 Article IV Consultation discusses that Bulgaria has been hit by the global financial crisis, with clear signs that the country's capital inflows-driven boom has come to an end and that the real economy is slowing down. Executive Directors have commended the Bulgarian authorities for t...

Descripció completa

Dades bibliogràfiques
Autor corporatiu: International Monetary Fund
Format: Revista
Idioma:English
Publicat: Washington, D.C. : International Monetary Fund, 2009.
Col·lecció:IMF Staff Country Reports; Country Report ; No. 2009/096
Accés en línia:Full text available on IMF
LEADER 01719cas a2200241 a 4500
001 AALejournalIMF005698
008 230101c9999 xx r poo 0 0eng d
020 |c 5.00 USD 
020 |z 9781451804591 
022 |a 1934-7685 
040 |a BD-DhAAL  |c BD-DhAAL 
110 2 |a International Monetary Fund. 
245 1 0 |a Bulgaria :   |b 2008 Article IV Consultation; Staff Report; Staff Statement; Public Information Notice on the Executive Board Discussion; and Statement by the Executive Director for Bulgaria. 
264 1 |a Washington, D.C. :  |b International Monetary Fund,  |c 2009. 
300 |a 1 online resource (70 pages) 
490 1 |a IMF Staff Country Reports 
500 |a <strong>Off-Campus Access:</strong> No User ID or Password Required 
500 |a <strong>On-Campus Access:</strong> No User ID or Password Required 
506 |a Electronic access restricted to authorized BRAC University faculty, staff and students 
520 3 |a This 2008 Article IV Consultation discusses that Bulgaria has been hit by the global financial crisis, with clear signs that the country's capital inflows-driven boom has come to an end and that the real economy is slowing down. Executive Directors have commended the Bulgarian authorities for their prudent policies that have built strong balance sheets in the public sector. Directors have also welcomed the authorities' commitment to maintaining prudent fiscal policies, which will provide crucial support for the currency board arrangement. 
538 |a Mode of access: Internet 
830 0 |a IMF Staff Country Reports; Country Report ;  |v No. 2009/096 
856 4 0 |z Full text available on IMF  |u http://elibrary.imf.org/view/journals/002/2009/096/002.2009.issue-096-en.xml  |z IMF e-Library